000 00606nam a2200229Ia 4500
003 OSt
005 20220923211737.0
006 a|||||r|||| 00| 0
007 ta
008 Pun
024 _a43,927
037 _cTextual
040 _aARTS
_cARTS
_bPun
041 _2Pun
_aPun
082 _aO153,6N03x, J1
100 _aਗਿਆਨੀ, Fੇਰ ਸਿੰਘ
_9161407
245 0 _aਵਿਚਾਰ ਮਾਲਾ
260 _c1951
650 _aਪੰਜਾਬੀ ਸਾਹਿਤ
942 _hO153,6N03x, J1
_cTEXL
_2CC
999 _c303080
_d303080